000 00506nam a2200181Ia 4500
001 18562
005 20260306171639.0
008 260306s9999||||xx |||||||||||||| ||und||
041 _aESP
082 _a658.408
_bS29 2007
100 _aSchwalb, María Matilde
_eAUT
245 0 _aResponsabilidad social:
_bfundamentos para la competitividad empresarial y el desarrollo sostenible
260 _c2007
300 _a248 páginas :
_c21 cm.
650 _aGEN
654 _aCAN
942 _cLIB
_dJUS
_fJUS
_2ddc
_n
999 _c18562
_d18562